000 01315nab a2200241 i 4500
001 768714001
003 CO-MdFUSB
005 20240515094355.0
008 240515t1971 sp ||||| |||| 00| 0 spa d
040 _bspa
_cCO-MdFUSB
_dCO-MdFUSB
041 _aspa
100 _aRamos-Regidor, José,
_eautor
245 3 _aLa "reconciliación" en la iglesia primitiva: sugerencias para la teología y la pastoral de nuestros días
_c/ José Ramos-Regidor
520 _aLa renovación teológica y pastoral del sacramento de la penitencia exige que se tenga presente su origen e historia. La finalidad de estas páginas es: 1) Exponer brevemente una síntesis de la praxis penitencial de la Iglesia primitiva (hasta el siglo VI); 2) Explicitar algunas de las sugerencias que esa praxis puede ofrecer a la teología y a la pastoral contemporáneas
650 0 _aDogma
_9205
650 7 _aReconciliación
_92118
650 7 _aIglesia
_xHistoria
_y(Iglesia primitiva), ca. 0030-0600
_9659
650 7 _aSacramentos
_9470
653 _aAdministración sacramental de la reconciliación
773 0 _049450
_982628
_oR2551
_tRevista internacional de teología Concilium
_w(CO-MdFUSB)8
_x0210-1041
_gNúmero 61, (enero, 1971), páginas: 74 - 87
_qpágina: 87
942 _cANA
945 _aCatherine Arias Alvarez - Practicante SENA
999 _c69708
_d69708